Risultati Serie A 2023-2024 - 5ª giornata - Statistics

Statistiche generali
  • Questo quiz è stato fatto 6 volte
  • Il punteggio medio è 5 su 10
Statistiche sulle risposte
Hint Risposta % Corretto
Empoli-Inter 0-1
83%
Sassuolo-Juventus 4-2
83%
Lazio-Monza 1-1
67%
Atalanta-Cagliari 2-0
67%
Bologna-Napoli 0-0
50%
Milan-Verona 1-0
50%
Salernitana-Frosinone 1-1
50%
Torino-Roma 1-1
33%
Udinese-Fiorentina 0-2
17%
Lecce-Genoa 1-0
0%
Nessun quiz corrispondente trovato
Distribuzione punteggi
Percentuale di utenti per punteggio
Percentile per numero di risposta
I tuoi punteggi nel tempo
Non hai fatto questo quiz